Elements of power system (Record no. 4837)

MARC details
000 -LEADER
fixed length control field 00407nam a22001697a 4500
005 - DATE AND TIME OF LATEST TRANSACTION
control field 20160630100930.0
008 - FIXED-LENGTH DATA ELEMENTS--GENERAL INFORMATION
fixed length control field 160630b xxu||||| |||| 00| 0 eng d
020 ## - INTERNATIONAL STANDARD BOOK NUMBER
ISBN 978-93-5014-073-7
041 ## - LANGUAGE CODE
Language code of text/sound track or separate title eng
082 ## - DEWEY DECIMAL CLASSIFICATION NUMBER
Item number 19130
100 ## - MAIN ENTRY--AUTHOR NAME
Personal name Gupta, J B
245 ## - TITLE STATEMENT
Title Elements of power system
260 ## - PUBLICATION, DISTRIBUTION, ETC. (IMPRINT)
Name of publisher S.K. Kataria & Sons
Year of publication 2012
300 ## - PHYSICAL DESCRIPTION
Number of Pages 372
650 ## - SUBJECT ADDED ENTRY--TOPICAL TERM
Topical Term Diploma Engineering
942 ## - ADDED ENTRY ELEMENTS (KOHA)
Koha item type Books
Holdings
Lost status Damaged status Home library Current library Shelving location Date acquired Cost, normal purchase price Full call number Accession Number Koha item type Collection code
    JRU Library   SHELF-36-F 30/06/2016 265.00 19130 19130 Books  
    JRU Library   SHELF-36-F 30/06/2016 265.00 19130 19131 Books  
    JRU Library   SHELF-36-F 30/06/2016 265.00 19130 19132 Books  
    JRU Library   SHELF-72-C 30/06/2016 265.00 19130 19133 Books Reference
    JRU Library   SHELF-36-F 30/06/2016 265.00 19130 19134 Books  
    JRU Library   SHELF-36-F 30/06/2016 265.00 19130 19135 Books  
    JRU Library   SHELF-36-F 30/06/2016 265.00 19130 19136 Books  
    JRU Library   SHELF-36-F 30/06/2016 265.00 19130 19137 Books  
    JRU Library   SHELF-36-F 30/06/2016 265.00 19130 19138 Books  
    JRU Library   SHELF-36-F 30/06/2016 265.00 19130 19139 Books  
    JRU Library   SHELF-36-F 30/06/2016 265.00 19130 19140 Books  
    JRU Library   SHELF-36-F 30/06/2016 265.00 19130 19141 Books  
    JRU Library   SHELF-36-F 30/06/2016 265.00 19130 19142 Books  
    JRU Library   SHELF-36-F 30/06/2016 265.00 19130 19143 Books  
    JRU Library   SHELF-36-F 30/06/2016 265.00 19130 19144 Books  
    JRU Library   SHELF-36-F 30/06/2016 265.00 19130 19145 Books  
    JRU Library   SHELF-36-F 30/06/2016 265.00 19130 19146 Books  
    JRU Library   SHELF-36-F 30/06/2016 265.00 19130 19147 Books  
    JRU Library   SHELF-36-F 30/06/2016 265.00 19130 19148 Books  
    JRU Library   SHELF-36-F 30/06/2016 265.00 19130 19149 Books  
    JRU Library   SHELF-36-F 30/06/2016 265.00 19130 19150 Books  
    JRU Library   SHELF-36-F 30/06/2016 265.00 19130 19151 Books  
    JRU Library   SHELF-36-F 30/06/2016 265.00 19130 19152 Books  
    JRU Library   SHELF-36-F 30/06/2016 265.00 19130 19153 Books  
    JRU Library   SHELF-36-F 30/06/2016 265.00 19130 19154 Books  
    JRU Library   SHELF-36-F 30/06/2016 265.00 19130 19155 Books